005200000a2200157000450024501220000050000300012265000170015265000110016965000170018065000130019765100360021065300420024604100140028810000300030277300300033210aEfecto edafíco de la hormiga arriera Atta laevigata en algunos suelos del centro de desarrollo "Gaviotas" (Vichada) a14aEdafología14aSuelos14aVegetación14aInsectos 4lLas GaviotasdVichadapColombia gAttaeAtta leviagatavhormiga arriera0 aEspañol1 aGalvis Hurtado, Carlos E.1 tPreprintq99-103d[1971?]